[Event "Palanga Baltija op-A"]
[Site "Palanga"]
[Date "2014.06.18"]
[Round "5"]
[White "Tsvetkov, Andrey"]
[Black "Dzenkauskas, Jurgis"]
[Result "1-0"]
[WhiteElo "1816"]
[BlackElo "1868"]
[PlyCount "87"]
[EventDate "2014.06.16"]
[EventType "swiss"]
[EventRounds "9"]
[EventCountry "LTU"]
[SourceTitle "CBM 161 Extra"]
[Source "ChessBase"]
[SourceDate "2014.08.29"]
[SourceVersion "1"]
[SourceVersionDate "2014.08.29"]
[SourceQuality "1"]

1. d4 Nf6 2. g3 d5 3. Bg2 Bf5 4. Nf3 e6 5. 0-0 c5 6. c4 Nc6 7. Nc3 dxc4 8. Qa4 Qa5 9. Qxc4 cxd4 10. Nxd4 Nxd4 11. Qxd4 Rd8 12. Qc4 Bb4 13. Bg5 Bxc3 14. bxc3 Qa6 15. Qxa6 bxa6 16. e4 Bxe4 17. Bxe4 Nxe4 18. Bxd8 Kxd8 19. Rfd1+ Ke7 20. Rac1 Rb8 21. Rc2 Rc8 22. Rb1 Rxc3 23. Rb7+ Kf6 24. Re2 Nd6 25. Rxa7 Ra3 26. Rd2 Nb5 27. Rb7 Nc3 28. Rdd7 Rxa2 29. Rxf7+ Ke5 30. Rb3 Nd5 31. Rxg7 a5 32. Ra7 a4 33. Rb5 Kd4 34. Rba5 Nc3 35. Rxh7 Kc4 36. Rha7 Kb4 37. h4 a3 38. h5 Ra1+ 39. Kg2 a2 40. h6 Rd1 41. h7 Rd8 42. Ra8 Rh8 43. Rxh8 Kxa5 44. Ra8+ 1-0

[Event "Palanga Baltija op-A"]
[Site "Palanga"]
[Date "2014.06.16"]
[Round "1"]
[White "Ivanauskas, Vincas"]
[Black "Dzenkauskas, Jurgis"]
[Result "0-1"]
[WhiteElo "1587"]
[BlackElo "1868"]
[PlyCount "110"]
[EventDate "2014.06.16"]
[EventType "swiss"]
[EventRounds "9"]
[EventCountry "LTU"]
[SourceTitle "CBM 161 Extra"]
[Source "ChessBase"]
[SourceDate "2014.08.29"]
[SourceVersion "1"]
[SourceVersionDate "2014.08.29"]
[SourceQuality "1"]

1. c4 Nf6 2. Nc3 c5 3. g3 g6 4. d3 Bg7 5. Bg2 0-0 6. Nf3 Nc6 7. Bd2 Rb8 8. Rb1 a6 9. Na4 d6 10. b3 Bd7 11. 0-0 b5 12. Nb2 b4 13. Qc1 Re8 14. e3 e5 15. Rd1 Qc8 16. Be1 Bg4 17. Qc2 e4 18. dxe4 Ne5 19. Qe2 Nxe4 20. Nd3 Qf5 21. Ndxe5 Bxe5 22. h3 Bxf3 23. Qxf3 Qxf3 24. Bxf3 f5 25. Bxe4 fxe4 26. Bd2 Rf8 27. Bc1 Kf7 28. Bb2 Bxb2 29. Rxb2 Ke6 30. Rbd2 Rb6 31. Kg2 a5 32. Rd5 Ra8 33. Ra1 a4 34. Rdd1 Rba6 35. Rab1 axb3 36. axb3 Ra2 37. Kf1 Rc2 38. Rdc1 Raa2 39. Rxc2 Rxc2 40. Kg2 Rd2 41. g4 g5 42. Kg3 d5 43. Ra1 dxc4 44. bxc4 Rc2 45. Ra6+ Ke5 46. f4+ exf3 47. Kxf3 Rxc4 48. Ra7 b3 49. Re7+ Kd6 50. Rxh7 b2 51. Rh6+ Ke5 52. Rg6 b1Q 53. Rxg5+ Kd6 54. h4 Qe4+ 55. Kf2 Rc2+ 0-1

[Event "LTU-ch sf"]
[Site "Vilnius"]
[Date "2014.02.21"]
[Round "6"]
[White "Vaitonis, Vytautas"]
[Black "Dzenkauskas, Jurgis"]
[Result "1/2-1/2"]
[WhiteElo "2014"]
[BlackElo "1846"]
[PlyCount "74"]
[EventDate "2014.02.17"]
[EventType "swiss"]
[EventRounds "8"]
[EventCountry "LTU"]
[SourceTitle "CBM 158 Extra"]
[Source "ChessBase"]
[SourceDate "2014.02.28"]
[SourceVersion "1"]
[SourceVersionDate "2014.02.28"]
[SourceQuality "1"]

1. Nf3 Nf6 2. g3 g6 3. Bg2 Bg7 4. c4 c6 5. d4 d5 6. 0-0 0-0 7. Qb3 Qb6 8. Qa3 Qa6 9. cxd5 Qxa3 10. Nxa3 cxd5 11. Ne5 Bd7 12. Bg5 e6 13. Rac1 Bc6 14. Nc2 Nfd7 15. Be7 Rc8 16. Nd3 Na6 17. e3 Bf8 18. Bxf8 Kxf8 19. Na3 Nc7 20. Nc5 b6 21. Nxd7+ Bxd7 22. Rc3 Nb5 23. Nxb5 Bxb5 24. Rfc1 Rxc3 25. Rxc3 Re8 26. f4 Re7 27. Kf2 Ke8 28. g4 h6 29. Bf1 Bxf1 30. Kxf1 Kd8 31. Ke2 Rc7 32. Kd3 Rxc3+ 33. Kxc3 Kc7 34. a4 a5 35. Kd3 f5 36. g5 h5 37. Kc3 Kd6 1/2-1/2

[Event "LTU-ch sf"]
[Site "Vilnius"]
[Date "2014.02.20"]
[Round "5"]
[White "Riauka, Vytautas"]
[Black "Dzenkauskas, Jurgis"]
[Result "0-1"]
[WhiteElo "1605"]
[BlackElo "1846"]
[PlyCount "102"]
[EventDate "2014.02.17"]
[EventType "swiss"]
[EventRounds "8"]
[EventCountry "LTU"]
[SourceTitle "CBM 158 Extra"]
[Source "ChessBase"]
[SourceDate "2014.02.28"]
[SourceVersion "1"]
[SourceVersionDate "2014.02.28"]
[SourceQuality "1"]

1. d4 Nf6 2. Nf3 e6 3. Bg5 d5 4. e3 c6 5. c4 Nbd7 6. Nc3 Bb4 7. Qb3 Qa5 8. a3 Bxc3+ 9. Qxc3 Qxc3+ 10. bxc3 Ne4 11. cxd5 Nxg5 12. Nxg5 exd5 13. c4 dxc4 14. Bxc4 0-0 15. Ne4 Nb6 16. Ba2 Nd5 17. Rc1 Be6 18. Nc5 Rab8 19. e4 Nf4 20. Bxe6 fxe6 21. g3 b6 22. gxf4 bxc5 23. dxc5 Rxf4 24. Ke2 Rxe4+ 25. Kf3 Re5 26. Rhe1 Rb3+ 27. Re3 Rexe3+ 28. fxe3 Rxa3 29. Kf4 Kf7 30. Ke4 Ra2 31. Ke5 Ke7 32. h3 a5 33. Rb1 Rd2 34. e4 Rd7 35. Rb6 Ra7 36. Rxc6 a4 37. Rxe6+ Kf7 38. Rb6 a3 39. Rb1 a2 40. Ra1 Ke7 41. Kd5 g5 42. Kc6 h5 43. Kb6 Ra3 44. Kc7 g4 45. hxg4 hxg4 46. c6 g3 47. Kb7 Rb3+ 48. Ka8 g2 49. c7 Kd7 50. Rc1 Kc8 51. Ka7 Rb1 0-1

[Event "Palanga op"]
[Site "Palanga"]
[Date "2013.06.22"]
[Round "9"]
[White "Tvarijonas, Tomas"]
[Black "Dzenkauskas, Jurgis"]
[Result "1-0"]
[WhiteElo "2114"]
[BlackElo "1843"]
[PlyCount "65"]
[EventDate "2013.06.17"]
[EventType "swiss"]
[EventRounds "9"]
[EventCountry "LTU"]
[SourceTitle "EXT 2014"]
[Source "ChessBase"]
[SourceDate "2013.11.20"]
[SourceVersion "1"]
[SourceVersionDate "2013.11.20"]
[SourceQuality "1"]

1. e4 e6 2. d4 d5 3. Nc3 dxe4 4. Nxe4 Bd7 5. Nf3 Bc6 6. Ng3 Nd7 7. Bd3 Be7 8. 0-0 Ngf6 9. Qe2 Bxf3 10. Qxf3 c6 11. b3 0-0 12. Bb2 Qa5 13. a3 Qc7 14. c4 Rfd8 15. Rac1 Rac8 16. Rfe1 Qb8 17. Bb1 Nf8 18. Nf5 Ng6 19. Nxe7+ Nxe7 20. d5 cxd5 21. Be5 Qa8 22. Bxf6 gxf6 23. Qxf6 Ng6 24. Bxg6 fxg6 25. Qxe6+ Kg7 26. cxd5 Re8 27. Qd7+ Kg8 28. Rxc8 Rxc8 29. h3 Qb8 30. d6 Rd8 31. Qe6+ Kg7 32. Qe7+ Kg8 33. d7 1-0

[Event "LTU-ch sf"]
[Site "Vilnius"]
[Date "2012.02.25"]
[Round "8"]
[White "Juknis, Paulius"]
[Black "Dzenkauskas, Jurgis"]
[Result "1-0"]
[WhiteElo "2153"]
[BlackElo "1846"]
[PlyCount "77"]
[EventDate "2012.02.19"]
[EventType "swiss"]
[EventRounds "8"]
[EventCountry "LTU"]
[SourceTitle "CBM 147 Extra"]
[Source "ChessBase"]
[SourceDate "2012.04.24"]
[SourceVersion "1"]
[SourceVersionDate "2012.04.24"]
[SourceQuality "1"]

1. b3 Nf6 2. Bb2 d6 3. e3 c5 4. f4 Nc6 5. Nf3 e6 6. Be2 Be7 7. 0-0 0-0 8. Qe1 Ne4 9. d3 Bf6 10. c3 Nb4 11. Qc1 Nxd3 12. Bxd3 d5 13. Nbd2 Nd6 14. c4 Bxb2 15. Qxb2 Nf5 16. Bxf5 exf5 17. cxd5 Qxd5 18. Qe5 Qc6 19. Rac1 b6 20. Qc3 a5 21. Nc4 f6 22. Rfd1 b5 23. Nd6 c4 24. bxc4 b4 25. Qd3 Be6 26. Nxf5 Qc5 27. N3d4 Bf7 28. Nb3 Qa7 29. Qd4 Qc7 30. Qc5 Qb7 31. Nxa5 Qe4 32. Nd6 Qe7 33. Nc6 Qc7 34. Nf5 Kh8 35. Qd6 Qb7 36. Nfe7 Rfe8 37. Qd7 Qb6 38. c5 Qb5 39. Nd8 1-0

[Event "LTU-ch sf"]
[Site "Vilnius"]
[Date "2012.02.22"]
[Round "5"]
[White "Dzenkauskas, Jurgis"]
[Black "Ceponis, Tadas"]
[Result "0-1"]
[WhiteElo "1846"]
[BlackElo "1785"]
[PlyCount "64"]
[EventDate "2012.02.19"]
[EventType "swiss"]
[EventRounds "8"]
[EventCountry "LTU"]
[SourceTitle "CBM 147 Extra"]
[Source "ChessBase"]
[SourceDate "2012.04.24"]
[SourceVersion "1"]
[SourceVersionDate "2012.04.24"]
[SourceQuality "1"]

1. Nf3 Nf6 2. d4 c5 3. c4 e6 4. Nc3 cxd4 5. Nxd4 d5 6. e3 a6 7. a3 Be7 8. Be2 0-0 9. cxd5 exd5 10. 0-0 Nc6 11. Bf3 Ne5 12. Qb3 Nxf3+ 13. Nxf3 Rb8 14. Rd1 Be6 15. Nd4 Qd6 16. Nxe6 fxe6 17. f3 b5 18. Ne2 Nd7 19. e4 Qb6+ 20. Kh1 Nc5 21. Qa2 dxe4 22. Be3 exf3 23. Nf4 fxg2+ 24. Kg1 Rxf4 25. b4 Rf6 26. Rd7 Rf1+ 27. Rxf1 gxf1Q+ 28. Kxf1 Rf8+ 29. Ke2 Qc6 30. Rd2 Ne4 31. Rc2 Nc3+ 32. Rxc3 Qg2+ 0-1

[Event "LTU-ch sf"]
[Site "Vilnius"]
[Date "2012.02.19"]
[Round "1"]
[White "Beinoras, Mindaugas"]
[Black "Dzenkauskas, Jurgis"]
[Result "1-0"]
[WhiteElo "2353"]
[BlackElo "1846"]
[PlyCount "53"]
[EventDate "2012.02.19"]
[EventType "swiss"]
[EventRounds "8"]
[EventCountry "LTU"]
[SourceTitle "CBM 147 Extra"]
[Source "ChessBase"]
[SourceDate "2012.04.24"]
[SourceVersion "1"]
[SourceVersionDate "2012.04.24"]
[SourceQuality "1"]

1. d4 Nf6 2. c4 e6 3. Nf3 d5 4. Nc3 c6 5. e3 Be7 6. Qc2 0-0 7. Bd3 dxc4 8. Bxc4 b6 9. 0-0 Ba6 10. Bxa6 Nxa6 11. Rd1 Qc8 12. e4 Qb7 13. Bg5 h6 14. Bh4 Rfd8 15. Qe2 c5 16. d5 g5 17. Bg3 exd5 18. exd5 Bd6 19. Bxd6 Rxd6 20. Qe5 Rad8 21. Nd2 Nxd5 22. Nde4 Re6 23. Qf5 Nac7 24. Nxg5 Rf6 25. Qh7+ Kf8 26. Re1 Ne7 27. Qh8+ 1-0

[Event "Baltija Cup op-A"]
[Site "Palanga"]
[Date "2011.06.21"]
[Round "4"]
[White "Dzenkauskas, Jurgis"]
[Black "Batkovskyte, Dominyka"]
[Result "0-1"]
[WhiteElo "1878"]
[BlackElo "2019"]
[PlyCount "44"]
[EventDate "2011.06.19"]
[EventType "swiss"]
[EventRounds "8"]
[EventCountry "LTU"]
[SourceTitle "EXT 2012"]
[Source "ChessBase"]
[SourceDate "2011.11.24"]
[SourceVersion "1"]
[SourceVersionDate "2011.11.24"]
[SourceQuality "1"]

1. Nf3 c5 2. c4 Nc6 3. b3 e5 4. d3 d6 5. g3 Nge7 6. Bg2 g6 7. Bb2 Bg7 8. 0-0 0-0 9. Nc3 a6 10. Ne1 f5 11. Nc2 f4 12. Nd5 Nxd5 13. Bxd5+ Kh8 14. e3 Bh3 15. exf4 Bxf1 16. Qxf1 exf4 17. Bxg7+ Kxg7 18. Qg2 Qd7 19. d4 cxd4 20. Rd1 Rae8 21. Nxd4 Nxd4 22. Rxd4 Re1+ 0-1

[Event "Vilnius School Rating"]
[Site "Vilnius"]
[Date "2011.05.19"]
[Round "8.1"]
[White "Dzenkauskas, Jurgis"]
[Black "Strazdas, Povilas"]
[Result "0-1"]
[WhiteElo "1878"]
[BlackElo "1851"]
[PlyCount "102"]
[EventDate "2011.04.23"]
[EventType "tourn"]
[EventRounds "10"]
[EventCountry "LTU"]
[SourceTitle "EXT 2024"]
[Source "ChessBase"]
[SourceDate "2023.10.10"]
[SourceVersion "1"]
[SourceVersionDate "2023.10.10"]
[SourceQuality "1"]

1. Nf3 d5 2. d4 Nf6 3. c4 c6 4. cxd5 cxd5 5. Nc3 Nc6 6. Bf4 g6 7. e3 Bg7 8. Bd3 Qb6 9. a3 0-0 10. 0-0 Bg4 11. Na4 Qa5 12. Nc5 Qb6 13. h3 Bc8 14. b4 Qd8 15. Qa4 Nd7 16. Rac1 e5 17. Nxe5 Ncxe5 18. dxe5 Nxe5 19. Be2 b6 20. Nd3 Nc4 21. Rfd1 Bb7 22. Bf3 Qe7 23. Qb3 Rfd8 24. Bg3 Rac8 25. Nf4 Nd2 26. Qa2 Nxf3+ 27. gxf3 Rxc1 28. Rxc1 d4 29. e4 Be5 30. Nd3 Bxg3 31. fxg3 Qg5 32. Qf2 Ba6 33. Rd1 Qe3 34. Ne5 Qc3 35. Qa2 Rf8 36. Qd2 Qc8 37. Kg2 Rd8 38. Rc1 Qe6 39. Nc6 Rd6 40. Nxd4 Qd7 41. Rd1 Bc8 42. g4 h5 43. Qe3 Ba6 44. Qd2 h4 45. Kf2 Qd8 46. Ke3 Bb7 47. Rc1 Qb8 48. f4 Rd8 49. Qc3 g5 50. Qc7 gxf4+ 51. Kd3 Ba6+ 0-1

[Event "Vilnius School Rating"]
[Site "Vilnius"]
[Date "2011.05.17"]
[Round "7.4"]
[White "Eigminas, Kipras"]
[Black "Dzenkauskas, Jurgis"]
[Result "1/2-1/2"]
[WhiteElo "1549"]
[BlackElo "1878"]
[PlyCount "38"]
[EventDate "2011.04.23"]
[EventType "tourn"]
[EventRounds "10"]
[EventCountry "LTU"]
[SourceTitle "EXT 2024"]
[Source "ChessBase"]
[SourceDate "2023.10.10"]
[SourceVersion "1"]
[SourceVersionDate "2023.10.10"]
[SourceQuality "1"]

1. e4 c6 2. c3 d5 3. exd5 cxd5 4. d4 Nf6 5. Bf4 Nc6 6. Nf3 Qb6 7. Qc2 Bg4 8. Be2 Rc8 9. Nbd2 e6 10. 0-0 Be7 11. Rfe1 0-0 12. Qb3 Qxb3 13. Nxb3 Ne4 14. Ne5 Bxe2 15. Rxe2 Nxe5 16. Bxe5 b5 17. f3 Nd6 18. a4 Ra8 19. axb5 Nxb5 1/2-1/2

[Event "LTU-ch"]
[Site "Nemencine"]
[Date "2011.04.30"]
[Round "9"]
[White "Klabis, Rokas"]
[Black "Dzenkauskas, Jurgis"]
[Result "1-0"]
[WhiteElo "2004"]
[BlackElo "1878"]
[PlyCount "69"]
[EventDate "2011.04.25"]
[EventType "swiss"]
[EventRounds "9"]
[EventCountry "LTU"]
[SourceTitle "CBM 142 Extra"]
[Source "ChessBase"]
[SourceDate "2011.06.27"]
[SourceVersion "1"]
[SourceVersionDate "2011.06.27"]
[SourceQuality "1"]

1. e4 c5 2. Nc3 Nc6 3. Bb5 Nd4 4. Bc4 e6 5. Nge2 Ne7 6. Nxd4 cxd4 7. Ne2 Nc6 8. d3 e5 9. a4 d6 10. 0-0 Be7 11. f4 Be6 12. Bxe6 fxe6 13. fxe5 dxe5 14. Ng3 Qd7 15. Bd2 0-0-0 16. Qe1 Rdf8 17. b4 Bh4 18. b5 Nd8 19. Bb4 Rxf1+ 20. Qxf1 Be7 21. Qe1 h5 22. c4 h4 23. Nf1 h3 24. g3 Nf7 25. c5 Qd8 26. a5 Ng5 27. Nd2 Qf8 28. Qe2 Rh6 29. a6 Rf6 30. axb7+ Kb8 31. b6 Kxb7 32. Rxa7+ Kc6 33. Qd1 Bxc5 34. Qa4+ Kxb6 35. Qa6# 1-0

[Event "Baltija Cup op 7th"]
[Site "Palanga"]
[Date "2010.06.20"]
[Round "1"]
[White "Malinin, Yuri"]
[Black "Dzenkauskas, Jurgis"]
[Result "1-0"]
[WhiteElo "2314"]
[BlackElo "1877"]
[PlyCount "55"]
[EventDate "2010.06.20"]
[EventType "swiss"]
[EventRounds "8"]
[EventCountry "LTU"]
[SourceTitle "EXT 2022"]
[Source "ChessBase"]
[SourceDate "2021.10.06"]
[SourceVersion "1"]
[SourceVersionDate "2021.10.06"]
[SourceQuality "1"]

1. d4 d5 2. c4 dxc4 3. Nf3 Nf6 4. e3 e6 5. Bxc4 a6 6. Qe2 c5 7. 0-0 Nc6 8. dxc5 Bxc5 9. a3 b5 10. Rd1 Qc7 11. Bd3 Bb7 12. b4 Be7 13. Bb2 0-0 14. Nbd2 Rac8 15. Rac1 Qb8 16. Nb3 Rfd8 17. Nc5 Nd5 18. Bb1 Bf6 19. Bxf6 Nxf6 20. Qc2 Rxd1+ 21. Rxd1 Ne7 22. Qe2 h6 23. e4 Qa8 24. Ne5 Rc7 25. f3 Qe8 26. Qd2 Bc8 27. Qd6 Ra7 28. Qb6 1-0

[Event "LTU-ch"]
[Site "Nemencine"]
[Date "2010.04.29"]
[Round "8"]
[White "Barsciauskas, Gintautas"]
[Black "Dzenkauskas, Jurgis"]
[Result "1/2-1/2"]
[WhiteElo "1890"]
[BlackElo "1877"]
[PlyCount "120"]
[EventDate "2010.04.25"]
[EventType "swiss"]
[EventRounds "9"]
[EventCountry "LTU"]
[SourceTitle "CBM 136 Extra"]
[Source "ChessBase"]
[SourceDate "2010.07.02"]
[SourceVersion "2"]
[SourceVersionDate "2010.07.15"]
[SourceQuality "1"]

1. c4 Nf6 2. g3 e6 3. Bg2 c5 4. Nc3 Nc6 5. e3 b6 6. Nge2 Bb7 7. 0-0 Na5 8. Bxb7 Nxb7 9. d4 d6 10. e4 e5 11. dxe5 dxe5 12. Qa4+ Qd7 13. Qxd7+ Kxd7 14. Rd1+ Kc6 15. f3 Nd8 16. f4 Ne6 17. Kg2 Bd6 18. f5 Nd4 19. Ng1 Rad8 20. Bg5 Be7 21. Bxf6 Bxf6 22. h4 Nc2 23. Rxd8 Rxd8 24. Rb1 Ne3+ 25. Kf2 Nxc4 26. Nd5 Nd2 27. Re1 Nxe4+ 28. Rxe4 Rxd5 29. Nf3 h5 30. Ke2 b5 31. b3 Kd6 32. a4 a6 33. axb5 axb5 34. g4 hxg4 35. Rxg4 Kc7 36. Ng5 e4 37. Nxe4 Rxf5 38. Nxf6 gxf6 39. Rg7 Re5+ 40. Kd2 Rd5+ 41. Kc2 Kd6 42. Rxf7 Ke6 43. Rb7 b4 44. Rh7 f5 45. h5 f4 46. h6 f3 47. Rh8 f2 48. Rf8 Rf5 49. Rxf5 Kxf5 50. h7 f1Q 51. h8Q Qe2+ 52. Kc1 Qe3+ 53. Kc2 Qe4+ 54. Kc1 Qe3+ 55. Kc2 Qe2+ 56. Kc1 Qe5 57. Qh3+ Ke4 58. Qg2+ Kd4 59. Qd2+ Ke4 60. Qg2+ Kf4 1/2-1/2

[Event "LTU-ch"]
[Site "Nemencine"]
[Date "2010.04.29"]
[Round "7"]
[White "Klabis, Rokas"]
[Black "Dzenkauskas, Jurgis"]
[Result "1-0"]
[WhiteElo "1960"]
[BlackElo "1877"]
[PlyCount "65"]
[EventDate "2010.04.25"]
[EventType "swiss"]
[EventRounds "9"]
[EventCountry "LTU"]
[SourceTitle "CBM 136 Extra"]
[Source "ChessBase"]
[SourceDate "2010.07.02"]
[SourceVersion "2"]
[SourceVersionDate "2010.07.15"]
[SourceQuality "1"]

1. e4 e6 2. d4 d5 3. e5 c5 4. c3 Nc6 5. Nf3 Qc7 6. Be2 Bd7 7. 0-0 Rc8 8. a3 a5 9. Re1 h5 10. Be3 c4 11. Nbd2 g6 12. b3 cxb3 13. Qxb3 a4 14. Qb2 Na5 15. Rac1 b5 16. Bxb5 Rb8 17. Bxd7+ Kxd7 18. Qc2 Nb3 19. Rb1 Bxa3 20. Nxb3 axb3 21. Rxb3 Rxb3 22. Qxb3 Be7 23. Ra1 Bd8 24. Ra6 Ke8 25. h3 Ne7 26. Bg5 Nc8 27. Bf6 Bxf6 28. exf6 Kd8 29. Ne5 Re8 30. Qb5 Nd6 31. Ra8+ Nc8 32. Nc6+ Kd7 33. Ne7+ 1-0

[Event "LTU-ch sf"]
[Site "Vilnius"]
[Date "2009.02.17"]
[Round "7"]
[White "Dzenkauskas, Jurgis"]
[Black "Prigodin, Ruslan"]
[Result "1-0"]
[WhiteElo "1882"]
[BlackElo "1708"]
[PlyCount "79"]
[EventDate "2009.02.13"]
[EventType "swiss"]
[EventRounds "9"]
[EventCountry "LTU"]
[SourceTitle "CBM 128 Extra"]
[Source "ChessBase"]
[SourceDate "2009.03.05"]
[SourceVersion "2"]
[SourceVersionDate "2009.03.25"]
[SourceQuality "1"]

1. Nf3 Nf6 2. d4 g6 3. g3 Bg7 4. Bg2 0-0 5. 0-0 d6 6. c4 c5 7. Nc3 Nc6 8. d5 Nb4 9. a3 Na6 10. Bf4 Nh5 11. Bd2 f5 12. Qc1 Nc7 13. Bh6 Nf6 14. Bxg7 Kxg7 15. Re1 Rb8 16. a4 a6 17. a5 b5 18. axb6 Rxb6 19. e4 e5 20. dxe6 fxe4 21. Ng5 Nxe6 22. Nxe6+ Bxe6 23. Nxe4 Nxe4 24. Bxe4 Qf6 25. Re2 Qd4 26. b3 Bg4 27. Re3 Rxb3 28. Rxb3 Qxe4 29. Qb2+ Kg8 30. Rb7 Qd4 31. Qxd4 cxd4 32. Rb6 Rc8 33. Raxa6 Rxc4 34. Ra7 Rc1+ 35. Kg2 d5 36. Rb8+ Rc8 37. Rxc8+ Bxc8 38. Ra8 d3 39. Rxc8+ Kf7 40. Kf1 1-0

[Event "LTU-ch sf"]
[Site "Vilnius"]
[Date "2009.02.14"]
[Round "2"]
[White "Dzenkauskas, Jurgis"]
[Black "Kudzma, Laimonas"]
[Result "0-1"]
[WhiteElo "1882"]
[BlackElo "2255"]
[PlyCount "52"]
[EventDate "2009.02.13"]
[EventType "swiss"]
[EventRounds "9"]
[EventCountry "LTU"]
[SourceTitle "CBM 128 Extra"]
[Source "ChessBase"]
[SourceDate "2009.03.05"]
[SourceVersion "2"]
[SourceVersionDate "2009.03.25"]
[SourceQuality "1"]

1. Nf3 c5 2. c4 Nc6 3. Nc3 g6 4. g3 Bg7 5. Bg2 e6 6. 0-0 Nge7 7. e3 d5 8. cxd5 exd5 9. d4 cxd4 10. Nxd4 0-0 11. Nce2 Bg4 12. Qa4 Qd7 13. Kh1 Rfd8 14. Rb1 Nf5 15. Bd2 Ncxd4 16. Qxd7 Rxd7 17. Nxd4 Nxd4 18. exd4 Bxd4 19. Be3 Bf6 20. b3 d4 21. Bf4 Kg7 22. Be4 Be2 23. Rfc1 Re8 24. f3 d3 25. Bd2 Bd4 26. Rc4 Rxe4 0-1

[Event "Baltija Cup op 5th"]
[Site "Palanga"]
[Date "2008.06.20"]
[Round "8"]
[White "Lomonosovas, Vitalijus"]
[Black "Dzenkauskas, Jurgis"]
[Result "1-0"]
[WhiteElo "2121"]
[BlackElo "1891"]
[PlyCount "57"]
[EventDate "2008.06.16"]
[EventType "swiss"]
[EventRounds "8"]
[EventCountry "LTU"]
[SourceTitle "EXT 2022"]
[Source "ChessBase"]
[SourceDate "2021.10.06"]
[SourceVersion "1"]
[SourceVersionDate "2021.10.06"]
[SourceQuality "1"]

1. d4 Nf6 2. c4 e6 3. Nc3 c5 4. d5 exd5 5. cxd5 d6 6. e4 Be7 7. f4 0-0 8. Nf3 b6 9. Bd3 Ba6 10. 0-0 Bxd3 11. Qxd3 Qc8 12. e5 Ne8 13. b3 Na6 14. a3 Nac7 15. Bb2 a6 16. a4 Rb8 17. Ne4 h6 18. Rad1 b5 19. Qc3 f5 20. exd6 fxe4 21. dxe7 Rxf4 22. d6 Qg4 23. d7 exf3 24. Rxf3 b4 25. Qd3 Ne6 26. Be5 Nd4 27. Bxd4 Rxf3 28. Qxf3 Qxd7 29. Be5 1-0

[Event "Baltija Cup op 5th"]
[Site "Palanga"]
[Date "2008.06.19"]
[Round "7"]
[White "Dzenkauskas, Jurgis"]
[Black "Velioniskis, Robertas"]
[Result "1-0"]
[WhiteElo "1891"]
[BlackElo "1816"]
[PlyCount "119"]
[EventDate "2008.06.16"]
[EventType "swiss"]
[EventRounds "8"]
[EventCountry "LTU"]
[SourceTitle "EXT 2022"]
[Source "ChessBase"]
[SourceDate "2021.10.06"]
[SourceVersion "1"]
[SourceVersionDate "2021.10.06"]
[SourceQuality "1"]

1. Nf3 d5 2. c4 c6 3. b3 Nf6 4. Bb2 Bf5 5. g3 h6 6. Bg2 e6 7. d3 Nbd7 8. Nbd2 Bd6 9. 0-0 Qc7 10. Rc1 h5 11. Nd4 Bg6 12. cxd5 exd5 13. Nb5 Qb8 14. Nxd6+ Qxd6 15. e4 0-0 16. f4 dxe4 17. dxe4 Qd3 18. Rf3 Qb5 19. Kh1 h4 20. a4 Qb6 21. Nc4 Qc7 22. Rd3 Nc5 23. Be5 Nxd3 24. Qxd3 Qd7 25. Qc2 Bh5 26. Bd6 Rfe8 27. e5 Nd5 28. Be4 hxg3 29. Bf5 Bf3+ 30. Kg1 Qd8 31. hxg3 Ne7 32. Bh7+ Kh8 33. Qh2 Ng8 34. Be4+ Nh6 35. Bxf3 Kg8 36. Kg2 Qd7 37. Rh1 Qf5 38. Ne3 Qd3 39. Re1 Qd2+ 40. Re2 Qd1 41. Ng4 Nxg4 42. Bxg4 Qd5+ 43. Bf3 Qd3 44. Qh5 Qh7 45. Qxh7+ Kxh7 46. Be4+ g6 47. Kf3 Kg7 48. Rh2 Rh8 49. Rxh8 Rxh8 50. Kg2 Re8 51. g4 Rc8 52. Kg3 Re8 53. f5 gxf5 54. gxf5 Kh6 55. Kf4 Kh5 56. Bd3 Kh6 57. Bc4 Kg7 58. e6 f6 59. e7 Rh8 60. Kg4 1-0

[Event "Baltija Cup op 5th"]
[Site "Palanga"]
[Date "2008.06.18"]
[Round "4"]
[White "Ziogas, Modestas"]
[Black "Dzenkauskas, Jurgis"]
[Result "1-0"]
[WhiteElo "2086"]
[BlackElo "1891"]
[PlyCount "101"]
[EventDate "2008.06.16"]
[EventType "swiss"]
[EventRounds "8"]
[EventCountry "LTU"]
[SourceTitle "EXT 2022"]
[Source "ChessBase"]
[SourceDate "2021.10.06"]
[SourceVersion "1"]
[SourceVersionDate "2021.10.06"]
[SourceQuality "1"]

1. d4 Nf6 2. Nc3 e6 3. Bg5 Be7 4. Qd2 c5 5. e3 cxd4 6. exd4 d6 7. Nf3 a6 8. Bd3 Nbd7 9. 0-0 b6 10. Rae1 Bb7 11. Qf4 h6 12. Bxf6 Nxf6 13. Re3 0-0 14. Nd2 Re8 15. Rg3 Kh8 16. Rh3 Bf8 17. Re1 Qd7 18. Ree3 Ng8 19. Reg3 f5 20. Nf3 Bxf3 21. Rxf3 Be7 22. g4 g5 23. Qe3 f4 24. Qe4 Bf8 25. Qe2 Qg7 26. Bxa6 Qxd4 27. Bb5 Re7 28. a4 d5 29. Rd3 Qf6 30. Rh5 Qf7 31. Rdh3 Nf6 32. Rxg5 Nh7 33. Rgh5 Nf6 34. R5h4 Nh7 35. Rh5 Nf6 36. R5h4 Nh7 37. Bd3 Ng5 38. Qe5+ Qg7 39. Rxh6+ Kg8 40. Rh8+ Kf7 41. Qxf4+ Qf6 42. Qxf6+ Kxf6 43. Rg3 Rf7 44. h4 Ne4 45. Nxe4+ dxe4 46. Bxe4 Rxa4 47. Rf3+ Ke7 48. Rxf7+ Kxf7 49. f3 Rd4 50. Kf1 Rd2 51. Rh7+ 1-0